Sloane's Column (Record no. 659)

000 -LEADER
fixed length control field 00256nam a22001217a 4500
003 - CONTROL NUMBER IDENTIFIER
control field OSt
008 - FIXED-LENGTH DATA ELEMENTS--GENERAL INFORMATION
fixed length control field 150215b xxu||||| |||| 00| 0 eng d
041 ## - LANGUAGE CODE
Language code of text/sound track or separate title eng
100 1# - MAIN ENTRY--PERSONAL NAME
Personal name Sloane,George B.
245 10 - TITLE STATEMENT
Title Sloane's Column
260 ## - PUBLICATION, DISTRIBUTION, ETC. (IMPRINT)
Name of publisher, distributor, etc. 1961
Date of publication, distribution, etc. 1980
300 ## - PHYSICAL DESCRIPTION
Extent 0 pages
Holdings
Withdrawn status Lost status Source of classification or shelving scheme Damaged status Not for loan Permanent Location Current Location Date acquired Total Checkouts Total Renewals Full call number Barcode Date last seen Date last checked out Copy number Price effective from Koha item type Shelving location
          Northern Philatelic Library Northern Philatelic Library 02/15/2015 2 1 G3700 S784 T944 1001014 03/03/2018 04/08/2017 1 06/28/2015 Books  
          Northern Philatelic Library Northern Philatelic Library 01/13/2022     G3700 S784 T944 1005718 01/13/2022     01/13/2022 Books  
          Northern Philatelic Library Northern Philatelic Library 04/27/2026     G3701 S784 T944 1006570 04/27/2026     04/27/2026 Books General Stacks

Powered by Koha